[Event "VIE-chT"]
[Site "Hanoi"]
[Date "2023.04.21"]
[Round "6"]
[White "Nguyen, Minh1111"]
[Black "Hoang, Tan Vinh"]
[Result "1-0"]
[WhiteElo "1402"]
[BlackElo "1922"]
[PlyCount "71"]
[EventDate "2023.04.18"]
[EventType "swiss"]
[EventRounds "9"]
[EventCountry "VIE"]
[SourceTitle "EXT 2024"]
[Source "ChessBase"]
[SourceDate "2023.10.10"]
[SourceVersion "1"]
[SourceVersionDate "2023.10.10"]
[SourceQuality "1"]

1. d4 d5 2. c4 c6 3. Nf3 Nf6 4. Nc3 e6 5. Bg5 Be7 6. e3 Nbd7 7. Bd3 dxc4 8. Bxc4 b5 9. Bd3 a6 10. 0-0 Bb7 11. e4 c5 12. d5 exd5 13. exd5 0-0 14. Bf5 Nb6 15. Re1 b4 16. Ne4 Nxe4 17. Bxe7 Qxe7 18. Bxe4 Qd6 19. Qc2 g6 20. Rad1 Rac8 21. Nd2 c4 22. Bf3 f5 23. Re6 Qc5 24. d6 Bxf3 25. Nxf3 Rfd8 26. Ne5 Nd7 27. Nxd7 Rxd7 28. Qe2 c3 29. Re8+ Kg7 30. Re7+ Rxe7 31. Qxe7+ Kh6 32. Rd3 g5 33. Rh3+ Kg6 34. Rxh7 c2 35. Rg7+ Kh5 36. Qxg5# 1-0